| 000 | 00474nam a22001817a 4500 | ||
|---|---|---|---|
| 005 | 20260120153913.0 | ||
| 008 | 260120b |||||||| |||| 00| 0 eng d | ||
| 020 |
_a9788121942867 _c595.00 |
||
| 040 | _aMAIN | ||
| 041 | _aEnglish | ||
| 082 |
_a174.4 _bKHA |
||
| 100 |
_aKhanka, S. S. _94402 |
||
| 245 |
_aBusiness ethics and corporate governance _b:Principles and practices |
||
| 260 |
_aNew Delhi _bS. Chand _c2025 |
||
| 300 | _a559 | ||
| 650 | _aCommerce | ||
| 942 | _cBK | ||
| 999 |
_c60007 _d60007 |
||